000 00657nam a22001937a 4500
999 _c195968
_d195968
005 20230512162116.0
010 _aUR-11985
020 _a9789380124179
_c200.00
035 _aU-10540
037 _bDBAD/PUB
082 _a841
100 _aشاہد نو خیز اعظمی
245 _aظفر حسن عینی کی ادبی خد مات /
_cشاہد نو خیز اعظمی
246 _aZafar Hasan Aini ki Adabi Khidmat /
_bby Shahid Naukhez Azmi
260 _aHyderabad
_bAl-Ansar Publications
_c2010 ء
270 _aMaulana Azad National University
_bHyderabad
_e32
300 _a152 ص
_c22cm(Hb)
942 _2ddc
_cUR
_h841
_mش ا ہ